000 00349 a2200157 4500
001 157084
020 _a858672056
040 _cEscola São Tomás de Aquino
100 _aMURRAY, Roseana
240 1 0 _aClassificados Poéticos
_lpor
245 1 0 _aClassificados Poéticos
300 _a44 p.
362 0 _a1984
697 _aPoesia
942 _cBK
999 _c157084
_d157084